Statystyki dla Najmniejsze losowe państwa sąsiedzkie

Kliknij tutaj aby rozwiązać quiz!

Ogólne statystyki

  • Ten quiz został rozwiązany 1 220 razy
  • Średni wynik to 11 z 16

Statystyki odpowiedzi

Kraj... i najmniejszy sąsiad% Poprawnych
SalwadorGwatemala
100%
LibanIzrael
100%
Korea PólnocnaKorea Południowa
100%
AustriaLiechtenstein
100%
LitwaŁotwa
100%
FrancjaMonako
100%
DaniaNiemcy
100%
SzwecjaNorwegia
100%
LesothoRepublika Południowej
Afryki
100%
MoldawiaRumunia
100%
PolskaSlowacja
100%
San MarinoWłochy
100%
GujanaSurinam
94%
LibiaTunezja
94%
SomaliaDżibuti
93%
RumuniaMoldawia
93%
LiechtensteinSzwajcaria
93%
IndieBhutan
92%
EkwadorKolumbia
92%
NikaraguaKostaryka
92%
BurundiRwanda
92%
GwatemalaSalwador
92%
MauretaniaSenegal
92%
WatykanWłochy
92%
NorwegiaFinlandia
91%
PortugaliaHiszpania
91%
SerbiaKosowo
91%
UzbekistanTadżykistan
91%
MeksykBelize
90%
EtiopiaDżibuti
90%
ŁotwaEstonia
90%
PanamaKostaryka
90%
KostarykaPanama
90%
GruzjaArmenia
89%
HolandiaBelgia
89%
HaitiDominikana
89%
SurinamGujana
89%
Korea PołudniowaKorea Północna
89%
Macedonia PółnocnaKosowo
89%
Zjednoczone Emiraty
Arabskie
Oman
89%
ArgentynaUrugwaj
89%
AzerbejdzanArmenia
88%
ParagwajBoliwia
88%
DzibutiErytrea
88%
BelgiaLuksemburg
88%
EgiptIzrael
87%
BelizeGwatemala
86%
Wielka BrytaniaIrlandia
86%
UkrainaMołdawia
86%
KanadaStany Zjednoczone
86%
PeruEkwador
85%
BhutanIndie
85%
NepalIndie
85%
FinlandiaNorwegia
85%
JemenOman
85%
RwandaBurundi
83%
BiałoruśŁotwa
83%
TurkmenistanUzbekistan
83%
LuksemburgBelgia
82%
ArmeniaGruzja
82%
SzwajcariaLiechtenstein
82%
EstoniaŁotwa
82%
WłochyWatykan
82%
NiemcyLuksemburg
81%
AlgieriaTunezja
81%
ChileBoliwia
80%
KosowoCzarnogóra
80%
Bosnia i HercegowinaCzarnogóra
80%
SenegalGambia
80%
AndoraHiszpania
80%
GambiaSenegal
80%
ChorwacjaSłowenia
80%
TogoBenin
79%
UrugwajArgentyna
78%
DominikanaHaiti
78%
Arabia SaudyjskaKatar
78%
KazachstanKirgistan
78%
Stany ZjednoczoneMeksyk
78%
KolumbiaPanama
78%
KolumbiaPanama
78%
Demokratyczna
Republika Konga
Rwanda
78%
AlbaniaKosowo
77%
BoliwiaParagwaj
77%
AngolaZambia
77%
GwineaGwinea Bissau
75%
LaosKambodża
75%
SyriaLiban
75%
BułgariaMacedonia Północna
75%
HondurasSalwador
75%
KirgistanTadżykistan
75%
MonakoFrancja
73%
TajlandiaLaos
73%
BrazyliaSurinam
73%
Burkina FasoTogo
73%
SudanErytrea
71%
KuwejtIrak
71%
KambodżaLaos
71%
GrecjaMacedonia Północna
71%
BruneiMalezja
71%
ChinyBhutan
70%
ErytreaDżibuti
70%
MozambikEswatini
70%
LiberiaSierra Leone
70%
IndonezjaTimor Wschodni
70%
Sudan PołudniowyUganda
70%
MalezjaBrunei
69%
Republika Południowej
Afryki
Eswatini
69%
KamerunGwinea Równikowa
69%
Papua-Nowa GwineaIndonezja
69%
WenezuelaGujana
68%
TurcjaArmenia
67%
MongoliaChiny
67%
Gwinea BissauGwinea
67%
MarokoHiszpania
67%
Sierra LeoneLiberia
67%
EswatiniRepublika Południowej
Afryki
67%
AfganistanTadżykistan
67%
HiszpaniaAndora
64%
UgandaRwanda
64%
GhanaTogo
64%
GabonGwinea Równikowa
63%
TadżykistanKirgistan
63%
MjanmaLaos
63%
TunezjaLibia
63%
WegrySłowenia
63%
BeninTogo
63%
SlowacjaCzechy
62%
BangladeszMjanma
62%
SloweniaChorwacja
60%
Gwinea RównikowaGabon
60%
Wybrzeze Kosci
Sloniowej
Liberia
60%
IrlandiaWielka Brytania
60%
TanzaniaRwanda
58%
CzarnogóraKosowo
57%
WietnamLaos
57%
IrakKuwejt
56%
KeniaUganda
55%
NigeriaBenin
54%
RosjaEstonia
50%
KongoGabon
50%
ZambiaMalawi
50%
OmanZjednoczone Emiraty Arabskie
50%
BotswanaZambia
44%
PakistanAfganistan
40%
NigerBenin
40%
PalestineJordania
40%
IranArmenia
38%
NamibiaBotswana
38%
ZimbabweZambia
38%
Republika
Środkowoafrykańska
Kongo
33%
CzechySłowacja
29%
MalawiZambia
25%
CzadKamerun
20%
MaliSenegal
14%

Rozkład punktacji

Percentyl według liczby udzielonych odpowiedzi

Procent ludzi z każdym wynikiem

Twoja historia wyników

Nie rozwiązałeś tego quizu